| 000 | 004480000a22001810004500 | ||
|---|---|---|---|
| 003 | MACL | ||
| 005 | 20150726120945.0 | ||
| 008 | 150726b xxu||||| |||| 00| 0 eng d | ||
| 040 |
_aMACL _cMACL |
||
| 041 | _aEnglish | ||
| 082 | _a330/MIS | ||
| 100 |
_aMishra , Girish _92486 |
||
| 245 | _aAn Economic History Of Modern India | ||
| 260 |
_aDelhi _bPragati Publications _c1994 |
||
| 350 | _a295 | ||
| 650 |
_aEconomics _92487 |
||
| 942 |
_cBK _k330 _2ddc |
||
| 999 |
_c3540 _d3540 |
||